Tiếng Việt thực hành
সংরক্ষণ করুন:
| প্রধান লেখক: | |
|---|---|
| অন্যান্য লেখক: | |
| বিন্যাস: | গ্রন্থ |
| ভাষা: | Vietnamese |
| প্রকাশিত: |
H.
Giáo dục
199
|
| সংস্করন: | Tái bản lần thứ 1 |
| বিষয়গুলি: | |
| ট্যাগগুলো: |
ট্যাগ যুক্ত করুন
কোনো ট্যাগ নেই, প্রথমজন হিসাবে ট্যাগ করুন!
|
| Thư viện lưu trữ: | Mạng thư viện Đại học Đà Nẵng |
|---|
| LEADER | 01071nam a2200325 4500 | ||
|---|---|---|---|
| 001 | 000015515 | ||
| 003 | 11898 | ||
| 005 | 20120529160512.0 | ||
| 008 | 120529s199u viesd | ||
| 020 | |c 10500đ | ||
| 041 | 0 | |a vie | |
| 082 | |a 495.92282 |b BU-T | ||
| 100 | 0 | |a Bùi Minh Toán |e Chủ biên | |
| 245 | 0 | |a Tiếng Việt thực hành |c Bùi Minh Toán(Ch.b); Lê A; Đỗ Việt Hùng | |
| 250 | |a Tái bản lần thứ 1 | ||
| 260 | |a H. |b Giáo dục |c 199 | ||
| 300 | |a 275 tr |c 20 cm | ||
| 653 | |a Tiếng Việt | ||
| 653 | |a Thực hành | ||
| 700 | |a Lê A |a Đỗ Việt Hùng |e Tác giả | ||
| OWN | |a LSP | ||
| AVA | |a UDN50 |b LSP |d 495.92282 BU-T |e available |t Error 5001 Not defined in file expand_doc_bib_avail. |f 3 |g 0 |h N |i 0 |k 1 | ||
| 999 | |a From the UDN01 | ||
| AVA | |a UDN50 |b LSP |d 495.92282 BU-T |e available |t Error 5001 Not defined in file expand_doc_bib_avail. |f 3 |g 0 |h N |i 0 |k 1 | ||
| TYP | |a Monograph | ||
| TYP | |a Printed language | ||
| 980 | |a Mạng thư viện Đại học Đà Nẵng | ||